Zasięgi występowania zwierząt w Polsce - Statystyki

Ogólne statystyki
  • Ten quiz został rozwiązany 16 razy
  • Średni wynik to 4 z 14
Statystyki odpowiedzi
Obrazkowy Odpowiedź % Poprawnych
Niedźwiedź Brunatny
75%
Ryś Euroazjatycki
50%
Żubr Europejski
42%
Świstak
33%
Wilk Szary
33%
Łoś Euroazjatycki
25%
Szop Pracz
25%
Bóbr
17%
Orzeł Przedni
17%
Głuszec
8%
Niepylak Apollo
8%
Puchacz
8%
Zając Bielak
8%
Żbik Europejski
8%
Nie znaleziono quizów pasujących do podanych kryteriów
Rozkład punktacji
Procent ludzi z każdym wynikiem
Percentyl według liczby udzielonych odpowiedzi
Twoja historia wyników
Nie rozwiązałeś tego quizu